000 00666nam a2200229Ia 4500
003 OSt
005 20220927105232.0
006 a|||||r|||| 00| 0
007 ta
008 220926b |||||||| |||| 00| 0 eng d
024 _a187907
037 _cReference Collections
040 _aRTL
_cRTL
_beng
041 _2eng
_aeng
082 _a"X:3M24xM18:g(W), M7/SC"
100 _aChang Sherman H. M.
_9371220
245 0 _aMarxian theory of the state
260 _aDelhi
_bAnupama Publications
_c1987
300 _a"xv,230p"
_ccm.
942 _h"X:3M24xM18:g(W), M7/SC"
_cCC
999 _c691443
_d691443